[Event "96th ch-GER Candidates"]
[Site "Munich GER"]
[Date "2025.05.21"]
[Round "6.3"]
[White "Braun, Georg"]
[Black "Kunin, Vitaly"]
[Result "1/2-1/2"]
[WhiteTitle "FM"]
[BlackTitle "GM"]
[WhiteElo "2385"]
[BlackElo "2497"]
[WhiteFideId "24629383"]
[BlackFideId "4128737"]
[EventDate "2025.05.17"]

1. e4 c5 2. Nf3 g6 3. d4 cxd4 4. Nxd4 Nc6 5. c4 Nf6 6. Nc3 d6 7. f3 Nxd4 8. Qxd4
Bg7 9. Be3 O-O 10. Qd2 Be6 11. Rc1 Nd7 12. b3 Nc5 13. Be2 a6 14. O-O Qa5 15.
Rfd1 Rfc8 16. Nd5 Qd8 17. Rc2 Rab8 18. Rdc1 a5 19. Nc3 f5 20. Bd3 a4 21. Rb1
axb3 22. axb3 Nxd3 23. Qxd3 fxe4 24. fxe4 Ra8 25. Bd4 Bxd4+ 26. Qxd4 Rc6 27. Nd5
b5 28. Rf1 bxc4 29. bxc4 Rac8 30. h3 Rc5 31. Kh2 Bf7 32. Qd3 Bxd5 33. exd5 Qd7
34. Qe4 Rf8 35. Rxf8+ Kxf8 36. Rf2+ Kg8 37. Re2 Rc7 38. Qd4 Qf5 39. Re4 Rb7 40.
Rf4 Qc8 41. Qe3 Rc7 42. Qe2 Qd7 43. Re4 Qf5 44. Qe3 Rb7 45. Rxe7 Rxe7 46. Qxe7
Qf4+ 47. Kg1 Qc1+ 48. Kf2 Qf4+ 49. Kg1 Qc1+ 50. Kf2 1/2-1/2

[Event "96th ch-GER Candidates"]
[Site "Munich GER"]
[Date "2025.05.21"]
[Round "6.4"]
[White "Krastev, Alexander"]
[Black "Hertneck, Gerald"]
[Result "1-0"]
[WhiteTitle "IM"]
[BlackTitle "GM"]
[WhiteElo "2426"]
[BlackElo "2420"]
[WhiteFideId "12989983"]
[BlackFideId "4600088"]
[EventDate "2025.05.17"]

1. e4 e6 2. d4 d5 3. Nc3 Bb4 4. e5 Ne7 5. a3 Bxc3+ 6. bxc3 c5 7. Qg4 Qc7 8. Qxg7
Rg8 9. Qxh7 cxd4 10. Rb1 Qxe5+ 11. Ne2 Nbc6 12. cxd4 Nxd4 13. Bb2 Qf5 14. Qxf5
Ndxf5 15. h4 Nc6 16. Rd1 Ke7 17. h5 f6 18. Nf4 Kf7 19. h6 Rh8 20. h7 d4 21. g4
Nfe7 22. Bc4 b5 23. Ba2 Ng6 24. Nxg6 Kxg6 25. Bxd4 Bb7 26. Be3 Rae8 27. Rd7 Re7
28. Bxe6 Rxd7 29. Bxd7 Nd4 30. Bxd4 Bxh1 31. Bf5+ Kf7 32. g5 Re8+ 33. Kf1 Be4
34. Bxe4 Rxe4 35. h8=Q 1-0

[Event "96th ch-GER Candidates"]
[Site "Munich GER"]
[Date "2025.05.21"]
[Round "6.5"]
[White "Zuferi, Enis"]
[Black "Spitzl, Vinzent"]
[Result "0-1"]
[WhiteTitle "FM"]
[BlackTitle "FM"]
[WhiteElo "2351"]
[BlackElo "2355"]
[WhiteFideId "24692530"]
[BlackFideId "12901253"]
[EventDate "2025.05.17"]

1. e4 c5 2. Nf3 d6 3. d4 cxd4 4. Nxd4 Nf6 5. Nc3 a6 6. Be2 e5 7. Nb3 Be7 8. h4
Be6 9. f4 exf4 10. Bxf4 Nc6 11. Qd2 Rc8 12. O-O-O Ne5 13. Nd4 Qa5 14. Nf5 Bxf5
15. exf5 b5 16. Kb1 Qc7 17. a3 O-O 18. g4 d5 19. g5 Ne4 20. Qxd5 Nxc3+ 21. bxc3
Qxc3 22. Qxe5 Qxc2+ 23. Ka1 Bxa3 24. Rd2 Qa4 25. Ra2 Rfe8 26. Bd1 Qb4 27. Bd2
Rxe5 28. Bxb4 Rc1# 0-1

[Event "96th ch-GER Candidates"]
[Site "Munich GER"]
[Date "2025.05.21"]
[Round "6.6"]
[White "Besou, Hussain"]
[Black "Gloeckler, Christian"]
[Result "0-1"]
[WhiteTitle "FM"]
[BlackTitle "FM"]
[WhiteElo "2351"]
[BlackElo "2429"]
[WhiteFideId "16269950"]
[BlackFideId "34608966"]
[EventDate "2025.05.17"]

1. e4 c5 2. Nf3 d6 3. d4 cxd4 4. Nxd4 Nf6 5. Nc3 a6 6. Rg1 e5 7. Nb3 h5 8. Bg5
Be6 9. Qd2 Nbd7 10. O-O-O Be7 11. f4 Rc8 12. Bd3 b5 13. Kb1 O-O 14. f5 Bc4 15.
Bxf6 Nxf6 16. Qe2 Qb6 17. Nd2 Rc7 18. Nxc4 bxc4 19. Bxc4 Rb8 20. Bb3 a5 21. Qd3
Rxc3 22. Qxc3 a4 23. Qd3 axb3 24. cxb3 d5 25. exd5 Bc5 26. Rge1 Bd4 27. Qc4 Rd8
28. Qc6 Qb8 29. h3 h4 30. Rc1 Nxd5 31. Rc4 Ne3 32. Rcc1 Qb4 33. Re2 Nxf5 34. Rc4
Qb8 35. Qf3 g6 36. a3 Kg7 37. Ka2 Ng3 38. Re1 e4 39. Qg4 Bf6 40. Rc2 Rd3 41. b4
Qe5 42. Qc8 Nf5 43. Qc5 Rd5 44. Qc4 e3 45. Qc3 Qe4 46. Qc8 Rd8 47. Qc5 Nd4 48.
Rcc1 e2 49. Qc4 Rd6 50. b5 Qxg2 51. a4 Re6 0-1

[Event "96th ch-GER Candidates"]
[Site "Munich GER"]
[Date "2025.05.21"]
[Round "6.7"]
[White "Pfrommer, Christoph"]
[Black "Garner, Isaac"]
[Result "0-1"]
[WhiteTitle "FM"]
[WhiteElo "2272"]
[BlackElo "2399"]
[WhiteFideId "4603290"]
[BlackFideId "16239261"]
[EventDate "2025.05.17"]

1. d4 Nf6 2. Nf3 b6 3. c4 Bb7 4. e3 e6 5. Bd3 d5 6. b3 Bb4+ 7. Nbd2 c5 8. O-O
cxd4 9. Nxd4 O-O 10. Bb2 Bxd2 11. Qxd2 e5 12. Nf5 dxc4 13. bxc4 e4 14. Qc3 exd3
15. Rad1 Be4 16. Rxd3 Bxd3 17. Rd1 Bxf5 18. Rxd8 Rxd8 0-1

[Event "96th ch-GER Candidates"]
[Site "Munich GER"]
[Date "2025.05.21"]
[Round "6.8"]
[White "Miller, Eduard"]
[Black "Voicu-Jagodzinsky, Carmen"]
[Result "1-0"]
[WhiteTitle "FM"]
[BlackTitle "WGM"]
[WhiteElo "2338"]
[BlackElo "2220"]
[WhiteFideId "24687022"]
[BlackFideId "1206729"]
[EventDate "2025.05.17"]

1. Nf3 Nf6 2. g3 d5 3. Bg2 e6 4. O-O Be7 5. d3 O-O 6. Nbd2 c5 7. e4 Nc6 8. Re1
b5 9. e5 Nd7 10. Nf1 Bb7 11. h4 Qc7 12. Bf4 Rfc8 13. Ne3 Qd8 14. c4 d4 15. Ng4
Rab8 16. Ng5 h6 17. Nxf7 Kxf7 18. Nxh6+ Kf8 19. Qg4 Ncxe5 20. Qxe6 gxh6 21.
Bxh6+ Ke8 22. Qg8+ Nf8 23. Rxe5 Kd7 24. Rae1 Bxg2 25. Qg4+ Kc6 26. Rxe7 bxc4 27.
dxc4 Bd5 28. Bxf8 Bxc4 29. Qg6+ Kb5 30. a4+ Kb4 31. Bh6 d3 32. Bd2+ Kb3 33. Qg4
Qd4 34. Qd1+ Ka2 35. Qa1+ Kb3 36. Rc1 Qxb2 37. Rc3+ 1-0

[Event "96th ch-GER Candidates"]
[Site "Munich GER"]
[Date "2025.05.21"]
[Round "6.9"]
[White "Koepke, Christian"]
[Black "Saglam, Buelent"]
[Result "1-0"]
[WhiteTitle "IM"]
[WhiteElo "2328"]
[BlackElo "2114"]
[WhiteFideId "4655737"]
[BlackFideId "24694827"]
[EventDate "2025.05.17"]

1. e4 e6 2. d4 d5 3. Nc3 Bb4 4. Ne2 Nf6 5. Bg5 dxe4 6. a3 Be7 7. Bxf6 gxf6 8.
Nxe4 f5 9. N4c3 c6 10. Qd3 Nd7 11. g3 Nf6 12. Bg2 Qc7 13. Nf4 Nd5 14. Ncxd5 cxd5
15. O-O Bg5 16. Nh5 Bd7 17. h4 Be7 18. Ng7+ Kd8 19. Nh5 Rc8 20. c3 a6 21. Qe3
Qd6 22. b3 Rc7 23. Rfc1 b5 24. Nf4 Kc8 25. Nd3 Kb8 26. Ne5 Be8 27. a4 bxa4 28.
c4 Rb7 29. c5 Qc7 30. bxa4 f6 31. Nd3 Qc6 32. Rcb1 Bd7 33. Nb4 Qc8 34. Bxd5 exd5
35. Qxe7 Ka7 36. Qxf6 1-0

[Event "96th ch-GER Candidates"]
[Site "Munich GER"]
[Date "2025.05.21"]
[Round "6.10"]
[White "Ollenberger, Roland"]
[Black "Kocharin, Timur"]
[Result "1-0"]
[WhiteTitle "FM"]
[BlackTitle "FM"]
[WhiteElo "2206"]
[BlackElo "2324"]
[WhiteFideId "24608440"]
[BlackFideId "16240936"]
[EventDate "2025.05.17"]

1. e4 c5 2. Nc3 Nc6 3. Bb5 Nd4 4. Nf3 a6 5. Bc4 e6 6. Nxd4 cxd4 7. Ne2 b5 8. Bb3
Bb7 9. d3 Bc5 10. O-O Ne7 11. Ng3 O-O 12. Qh5 Rc8 13. a4 b4 14. Bg5 f6 15. Bd2
Kh8 16. Kh1 Qc7 17. Rac1 Qb6 18. f4 g6 19. Qh4 f5 20. Rce1 Rce8 21. Rf3 Nc6 22.
exf5 gxf5 23. Qh6 Rf7 24. Ne2 Na5 25. Rg3 Nxb3 26. cxb3 Bd5 27. Ng1 Rg8 28.
Rxg8+ Kxg8 29. Nh3 Bf8 30. Qh5 h6 31. Kg1 Rg7 32. g3 Bb7 33. Rc1 Qd6 34. Nf2 Qd5
35. Kf1 Qg2+ 36. Ke2 Rg4 37. Be1 Bf3+ 38. Kd2 Qf1 39. Kc2 Rxg3 40. Qh4 Qe2+ 41.
Kb1 Rg1 42. Ka2 Bc6 43. Bxb4 Rxc1 44. Qd8 Rg1 45. Qxf8+ Kh7 46. Nh3 Qh5 47. Nxg1
Qg6 48. Ne2 1-0

[Event "96th ch-GER Candidates"]
[Site "Munich GER"]
[Date "2025.05.21"]
[Round "6.11"]
[White "Sauer, Tim"]
[Black "Zackrisson, Peter"]
[Result "0-1"]
[WhiteElo "2139"]
[BlackElo "2288"]
[WhiteFideId "16265726"]
[BlackFideId "16282078"]
[EventDate "2025.05.17"]

1. d4 Nf6 2. c4 g6 3. Nc3 Bg7 4. e4 d6 5. h3 O-O 6. Be3 e5 7. d5 Na6 8. g4 Nc5
9. f3 c6 10. h4 cxd5 11. cxd5 h5 12. g5 Ne8 13. Qd2 Bd7 14. Rc1 Qa5 15. Rb1 Na6
16. a3 f5 17. gxf6 Bxf6 18. Kf2 Rc8 19. Kg3 Bd8 20. Bh3 Nf6 21. Ra1 Qc7 22. Bxd7
Qxd7 23. Nh3 Nc5 24. Bxc5 dxc5 25. Ng5 Ne8 26. Ne6 Rf6 27. Qe3 b6 28. Rhg1 Ng7
29. Rad1 Nxe6 30. dxe6 Qxe6 31. Nd5 Rf4 32. Kf2 Rf7 33. Qh6 Rg7 34. Ne3 Bxh4+
35. Ke2 Rcc7 36. Rd5 Rcf7 37. Nc4 Rxf3 38. Kxf3 Qh3+ 39. Ke2 Qh2+ 40. Kd3 Qxg1
41. Qd2 Qb1+ 42. Qc2 Qxc2+ 43. Kxc2 Bg3 44. Nxe5 Bxe5 45. Rxe5 h4 0-1

[Event "96th ch-GER Candidates"]
[Site "Munich GER"]
[Date "2025.05.21"]
[Round "6.12"]
[White "Polster, Christian"]
[Black "Herbrig, Alexander"]
[Result "1/2-1/2"]
[WhiteTitle "FM"]
[BlackTitle "FM"]
[WhiteElo "2295"]
[BlackElo "2297"]
[WhiteFideId "12965081"]
[BlackFideId "12952044"]
[EventDate "2025.05.17"]

1. e4 e5 2. Nf3 Nc6 3. Bc4 Nf6 4. d3 h6 5. O-O d6 6. c3 g6 7. Re1 Bg7 8. b4 O-O
9. a4 Be6 10. Bxe6 fxe6 11. Qb3 Qd7 12. a5 Nh5 13. b5 Ne7 14. Na3 g5 15. Qd1 Nf4
16. Bxf4 Rxf4 17. d4 Ng6 18. Re2 Raf8 19. Ne1 exd4 20. cxd4 Qf7 21. Raa2 Rh4 22.
g3 Rh3 23. Re3 h5 24. Rc2 g4 25. Rec3 Qf6 26. Rxc7 Qxd4 27. Qxd4 Bxd4 28. Nc4 h4
29. Kg2 d5 30. exd5 exd5 31. Ne3 Bxe3 32. fxe3 hxg3 33. hxg3 Ne5 34. Rxb7 Nc4
35. Re2 Nd6 36. Rxa7 Nxb5 37. Rd7 Nc3 38. Rf2 Rh2+ 39. Kxh2 Rxf2+ 40. Ng2 Ra2
41. Ra7 Ne4 42. Kg1 Ra1+ 43. Kh2 Nd2 44. Nf4 Nf1+ 45. Kg2 Nxe3+ 46. Kf2 d4 47.
Rd7 Ra2+ 48. Kg1 Nf5 49. Nh5 Rxa5 50. Nf6+ Kf8 51. Nh7+ Kg8 52. Nf6+ Kf8 53.
Nh7+ Kg8 54. Nf6+ 1/2-1/2

[Event "96th ch-GER Candidates"]
[Site "Munich GER"]
[Date "2025.05.21"]
[Round "6.13"]
[White "Manucharyan, Andriy"]
[Black "Hoppstaedter, Daniel"]
[Result "0-1"]
[WhiteElo "2141"]
[BlackElo "2161"]
[WhiteFideId "16260910"]
[BlackFideId "16243625"]
[EventDate "2025.05.17"]

1. d4 d5 2. c4 c6 3. Nf3 Nf6 4. e3 e6 5. b3 Ne4 6. Nbd2 Nd7 7. Bb2 f5 8. Be2 Bd6
9. O-O Qf6 10. Ne1 O-O 11. Ndf3 f4 12. exf4 Bxf4 13. Nd3 Bh6 14. Nfe5 Nxe5 15.
dxe5 Qd8 16. Qc2 b6 17. cxd5 cxd5 18. Bc1 Bxc1 19. Raxc1 Ba6 20. Qc6 Qe7 21. Nf4
Rac8 22. Nxd5 Qf7 23. Ne7+ Qxe7 24. Qxe4 Bb7 25. Qe3 Bd5 26. Rxc8 Rxc8 27. Rc1
Qb7 28. f3 Rc7 29. Kf2 Qc8 30. Ba6 Rc2+ 31. Kg3 Qc7 32. Rxc2 Qxc2 33. Qe2 Qc1
34. h4 g5 35. hxg5 Qxg5+ 36. Kf2 Qh4+ 37. Ke3 Qg5+ 38. Kd3 Qf5+ 39. Kc3 Qb1 40.
Bc4 Qc1+ 41. Kb4 Bc6 42. Bb5 Qc5+ 43. Ka4 a6 44. Bxc6 Qa5# 0-1

[Event "96th ch-GER Candidates"]
[Site "Munich GER"]
[Date "2025.05.21"]
[Round "6.14"]
[White "Maier, Alexander"]
[Black "Lippert, Daniel"]
[Result "1/2-1/2"]
[WhiteTitle "IM"]
[WhiteElo "2226"]
[BlackElo "2227"]
[WhiteFideId "4617061"]
[BlackFideId "16261895"]
[EventDate "2025.05.17"]

1. e4 c5 2. b3 g6 3. Bb2 Nf6 4. e5 Nd5 5. Nc3 Nxc3 6. dxc3 Nc6 7. f4 d6 8. exd6
Bh6 9. g3 O-O 10. Nf3 exd6 11. c4 Re8+ 12. Kf2 Be6 13. Bg2 d5 14. cxd5 Bxd5 15.
Re1 Be4 16. Ne5 Bxg2 17. Kxg2 Nd4 18. c3 Nf5 19. Qf3 Qc7 20. Rad1 Rad8 21. c4
Bg7 22. Kg1 h5 23. Rxd8 Rxd8 24. Rd1 Nd4 25. Bxd4 cxd4 26. Nd3 Re8 27. Re1 Rxe1+
28. Nxe1 Qa5 29. Qe2 Qc3 30. Nd3 a5 31. f5 gxf5 32. Nf4 h4 33. Kg2 hxg3 34. hxg3
Qb4 35. Nd5 Qd6 36. Qf3 Qe5 37. Qxf5 Qe2+ 38. Qf2 Qe4+ 39. Qf3 Qc2+ 40. Kh3 Qh7+
41. Kg2 Qc2+ 42. Kh3 Qh7+ 43. Kg2 Qc2+ 1/2-1/2

[Event "96th ch-GER Candidates"]
[Site "Munich GER"]
[Date "2025.05.21"]
[Round "6.15"]
[White "Grossmann, Piet"]
[Black "Philipp, Mathias"]
[Result "1-0"]
[BlackTitle "CM"]
[WhiteElo "2063"]
[BlackElo "2159"]
[WhiteFideId "16234359"]
[BlackFideId "12958883"]
[EventDate "2025.05.17"]

1. d4 d5 2. c4 c6 3. Nc3 Nf6 4. e3 e6 5. Nf3 Nbd7 6. Qc2 Bd6 7. Bd3 dxc4 8. Bxc4
O-O 9. O-O b5 10. Be2 a6 11. Rd1 Qc7 12. e4 e5 13. h3 Re8 14. a3 Bb7 15. dxe5
Nxe5 16. Nd4 Ng6 17. Nf5 Bh2+ 18. Kh1 Be5 19. Bf3 Rad8 20. Be3 Nf4 21. Rac1 c5
22. g3 Ne6 23. Nd5 Nxd5 24. exd5 Qc8 25. Kh2 c4 26. Bb6 Bc7 27. Bxc7 Nxc7 28.
Bg4 Qa8 29. d6 Nd5 30. Qd2 f6 31. d7 Rxd7 32. Nh6+ gxh6 33. Bxd7 Re7 34. Bf5 Qe8
35. Re1 Qc6 36. f3 Kg7 37. Rxe7+ Nxe7 38. Be4 Qc7 39. Bxb7 Qxb7 40. Re1 Nf5 41.
Re4 h5 42. Qd8 Qc6 43. g4 Qc5 44. Re2 Ne3 45. Qd7+ Kf8 46. Qe6 Nd5 47. gxh5 Qd4
48. Qe8+ Kg7 49. Rg2+ Kh6 50. Rg6+ hxg6 51. Qxg6# 1-0

[Event "96th ch-GER Candidates"]
[Site "Munich GER"]
[Date "2025.05.21"]
[Round "6.16"]
[White "Mueller, Thorsten"]
[Black "Steffens, Olaf"]
[Result "0-1"]
[BlackTitle "FM"]
[WhiteElo "2034"]
[BlackElo "2184"]
[WhiteFideId "4653319"]
[BlackFideId "4630564"]
[EventDate "2025.05.17"]

1. d4 Nc6 2. Nf3 d6 3. d5 Nb8 4. Bf4 g6 5. Nc3 Bg7 6. Qd2 c6 7. e4 Nf6 8. Bh6
Bxh6 9. Qxh6 Qb6 10. O-O-O Nbd7 11. Bc4 Ng4 12. Qg7 Rf8 13. Rhe1 Nge5 14. Nxe5
Nxe5 15. Bb3 Qxf2 16. Rf1 Qxg2 17. dxc6 bxc6 18. Qxh7 Qh3 19. Qg7 Bg4 20. Rde1
Kd7 21. Bxf7 Rh8 22. Rd1 Bxd1 23. Rxd1 Qh6+ 24. Qxh6 Rxh6 25. Bb3 Rxh2 26. Ba4
Kc7 27. b4 a6 28. Bb3 Rah8 29. Kb2 g5 30. Rg1 g4 31. Be6 R8h4 32. a4 Rh6 33. Bb3
Rh1 34. Rg2 R6h2 35. Rg3 Rh3 36. Rg2 R1h2 37. Rg1 Kd7 38. b5 axb5 39. axb5 cxb5
40. Nxb5 Rh1 41. Rg2 R1h2 42. Rg1 Nd3+ 43. Ka3 Rh1 44. Rxh1 Rxh1 45. cxd3 g3 46.
Nd4 g2 47. Be6+ Kc7 48. Nf3 Rf1 49. Bh3 Rxf3 50. Bxg2 Rxd3+ 51. Kb4 Rg3 52. Bh1
e5 53. Kb5 Kd7 54. Kb4 Ke6 55. Kc4 Kf6 56. Kd5 Kg5 57. Kxd6 Kf4 58. Kd5 Rg1 0-1

[Event "96th ch-GER Candidates"]
[Site "Munich GER"]
[Date "2025.05.21"]
[Round "7.1"]
[White "Krastev, Alexander"]
[Black "Poetsch, Hagen"]
[Result "1/2-1/2"]
[WhiteTitle "IM"]
[BlackTitle "GM"]
[WhiteElo "2426"]
[BlackElo "2484"]
[WhiteFideId "12989983"]
[BlackFideId "24615137"]
[EventDate "2025.05.17"]

1. e4 c5 2. Nf3 d6 3. Bb5+ Bd7 4. Bxd7+ Nxd7 5. O-O e6 6. c4 Ngf6 7. Nc3 Ne5 8.
d3 Be7 9. Ne1 O-O 10. f4 Nc6 11. g4 Nd7 12. f5 Nde5 13. Be3 Nd4 14. Ng2 Bg5 15.
Bf2 h5 16. gxh5 Ndf3+ 17. Kh1 Nd2 18. Bg3 Nxf1 19. Qxf1 Bh6 20. Bh4 Bg5 21. Bg3
Bh6 22. Bh4 Bg5 23. Bg3 Bh6 1/2-1/2

[Event "96th ch-GER Candidates"]
[Site "Munich GER"]
[Date "2025.05.21"]
[Round "7.2"]
[White "Kuegel, Tobias"]
[Black "Hagner, Bennet"]
[Result "1/2-1/2"]
[WhiteTitle "IM"]
[BlackTitle "IM"]
[WhiteElo "2362"]
[BlackElo "2418"]
[WhiteFideId "4636295"]
[BlackFideId "16224477"]
[EventDate "2025.05.17"]

1. e4 c5 2. Nf3 d6 3. d4 cxd4 4. Qxd4 Nf6 5. Nc3 e6 6. Bg5 a6 7. e5 Nc6 8. Qa4
dxe5 9. Nxe5 Qc7 10. Nxc6 Bd7 11. O-O-O Bxc6 12. Bb5 Rc8 13. Bxc6+ Qxc6 14.
Qxc6+ Rxc6 15. Ne4 Nd5 16. Nc3 h6 17. Bd2 Nf6 18. Rhe1 Bc5 19. f3 Ke7 20. Ne4
Nd5 21. Nc3 Rd8 22. Nxd5+ Rxd5 23. Be3 Rxd1+ 24. Kxd1 Bd6 25. h3 Bg3 26. Re2 h5
27. a4 b5 28. axb5 axb5 29. Rd2 Be5 30. Rd3 Bxb2 31. Rb3 Rd6+ 32. Ke2 Bd4 33.
Rxb5 Bxe3 34. Kxe3 g6 35. h4 Rd1 36. g3 Rg1 37. Kf2 Rc1 38. Rc5 Kd6 39. Rc8 e5
40. Ke3 Ke6 41. f4 exf4+ 42. Kxf4 1/2-1/2

[Event "96th ch-GER Candidates"]
[Site "Munich GER"]
[Date "2025.05.21"]
[Round "7.3"]
[White "Kunin, Vitaly"]
[Black "Gloeckler, Christian"]
[Result "1-0"]
[WhiteTitle "GM"]
[BlackTitle "FM"]
[WhiteElo "2497"]
[BlackElo "2429"]
[WhiteFideId "4128737"]
[BlackFideId "34608966"]
[EventDate "2025.05.17"]

1. d4 Nf6 2. c4 e6 3. Nf3 d5 4. Nc3 c5 5. cxd5 Nxd5 6. e4 Nxc3 7. bxc3 cxd4 8.
cxd4 Bb4+ 9. Bd2 Bxd2+ 10. Qxd2 O-O 11. Be2 b6 12. O-O Bb7 13. Qe3 Nd7 14. e5
Qe7 15. Nd2 Bd5 16. Ne4 Bxe4 17. Qxe4 Rfd8 18. Rac1 Nf8 19. h4 Rac8 20. h5 Rxc1
21. Rxc1 Qb4 22. Rd1 h6 23. f4 Qb2 24. Bc4 b5 25. Bb3 a5 26. Qc2 Qa3 27. Qf2 Kh8
28. f5 a4 29. Bc2 Qxa2 30. f6 Nh7 31. fxg7+ Kxg7 32. Rd2 Qa1+ 33. Kh2 Rf8 34.
Qf4 Qc3 35. d5 Qc4 36. Qf2 Qg4 37. dxe6 Qxh5+ 38. Kg1 Qxe5 39. Re2 Qf6 40. Qa7
Qa1+ 41. Kh2 Nf6 42. e7 Re8 43. Qc5 a3 44. Bb3 Ng8 45. Re5 Qb1 46. Re3 Nxe7 47.
Qe5+ Kh7 48. Qf6 Qg6 49. Bc2 Qxc2 50. Qxf7+ Kh8 51. Qxe8+ Ng8 52. Qe5+ Kh7 53.
Rxa3 Qf2 54. Rf3 Qh4+ 55. Kg1 Qc4 56. Rc3 1-0

[Event "96th ch-GER Candidates"]
[Site "Munich GER"]
[Date "2025.05.21"]
[Round "7.4"]
[White "Spitzl, Vinzent"]
[Black "Braun, Georg"]
[Result "0-1"]
[WhiteTitle "FM"]
[BlackTitle "FM"]
[WhiteElo "2355"]
[BlackElo "2385"]
[WhiteFideId "12901253"]
[BlackFideId "24629383"]
[EventDate "2025.05.17"]

1. e4 c5 2. Nf3 Nc6 3. Nc3 g6 4. Bc4 Bg7 5. h4 h6 6. d3 Rb8 7. Bf4 d6 8. Qd2 e6
9. O-O e5 10. Bg3 Nf6 11. a3 O-O 12. Nd5 Nh5 13. c3 Kh7 14. b4 Bg4 15. Nh2 Be6
16. Qe2 b6 17. Ne3 Bd7 18. Bb3 Qe8 19. Bd1 Be6 20. Qe1 Nxg3 21. fxg3 f5 22. g4
f4 23. Nd5 Qd7 24. Bf3 Ne7 25. Rb1 Rbc8 26. c4 Nc6 27. b5 Nd4 28. a4 Qd8 29. Qf2
Bxd5 30. exd5 Bf6 31. g5 hxg5 32. h5 gxh5 33. Bxh5 Kg7 34. Nf3 Nf5 35. Bg4 Ng3
36. Rfe1 Rh8 37. Qc2 Ra8 38. Kf2 a6 39. a5 axb5 40. axb6 b4 41. b7 Rb8 42. d4
cxd4 43. Rxb4 Qc7 44. c5 Qxc5 45. Rc4 d3+ 46. Rxc5 dxc2 47. Rc7+ Kg6 48. Nd2 Rh7
49. Rxc2 Rhxb7 50. Nc4 e4 51. Rd1 Rb1 52. Nxd6 Rxd1 53. Bxd1 Bd4+ 54. Ke1 Rh8
55. Rc6 Rh1+ 56. Kd2 e3+ 57. Kc2 Kg7 58. Nb5 Bf6 59. Re6 Rg1 60. Bf3 g4 61. Bxg4
Rxg2+ 62. Kd3 Rd2+ 63. Kc4 Kg6 64. d6 Kg5 65. Bf3 Nf5 66. Kc5 Rc2+ 67. Kd5 Nh4
68. Be4 Rd2+ 69. Kc6 e2 70. Bd5 Ng6 71. d7 Ne7+ 72. Kb7 Rxd5 73. Nd6 e1=Q 74.
Rxe1 Rxd6 75. Kc7 Nf5 76. Rg1+ Kh6 77. Rh1+ Kg6 78. Rf1 Rd4 79. Rg1+ Ng3 80. Rb1
Kf5 0-1

[Event "96th ch-GER Candidates"]
[Site "Munich GER"]
[Date "2025.05.21"]
[Round "7.5"]
[White "Zackrisson, Peter"]
[Black "Vavulin, Maxim"]
[Result "0-1"]
[BlackTitle "GM"]
[WhiteElo "2288"]
[BlackElo "2542"]
[WhiteFideId "16282078"]
[BlackFideId "4169530"]
[EventDate "2025.05.17"]

1. d4 g6 2. e4 Bg7 3. Nc3 d6 4. Be3 a6 5. Qd2 b5 6. O-O-O Bb7 7. h4 h6 8. f3 Nd7
9. g4 Rc8 10. Nh3 Ngf6 11. g5 hxg5 12. Nxg5 c5 13. e5 cxd4 14. e6 fxe6 15. Bxd4
e5 16. Be3 Qa5 17. Kb1 Nf8 18. Bd3 d5 19. Qg2 b4 20. Bxg6+ Nxg6 21. Ne6 Kf7 22.
Ng5+ Kg8 23. Ne6 Kf7 24. Ng5+ Ke8 25. Ne6 Nf8 26. Nxg7+ Kf7 27. Nf5 bxc3 28.
Qg7+ Ke6 29. Qxh8 Kxf5 30. Qg7 cxb2 31. Qxe7 Qc3 32. Rh2 Rc7 33. Qxf8 Qxe3 34.
Rg2 Ke6 35. Rg6 Qxf3 36. Qg8+ Kf5 37. Rxf6+ Kxf6 38. Rg1 Rf7 39. Qg6+ Ke7 40.
Qb6 d4 41. h5 d3 42. Qc5+ Ke6 43. Rg6+ Kf5 44. Kxb2 d2 45. Qc4 Bd5 0-1

[Event "96th ch-GER Candidates"]
[Site "Munich GER"]
[Date "2025.05.21"]
[Round "7.6"]
[White "Hertneck, Gerald"]
[Black "Ollenberger, Roland"]
[Result "1-0"]
[WhiteTitle "GM"]
[BlackTitle "FM"]
[WhiteElo "2420"]
[BlackElo "2206"]
[WhiteFideId "4600088"]
[BlackFideId "24608440"]
[EventDate "2025.05.17"]

1. d4 Nf6 2. c4 e6 3. Nf3 Bb4+ 4. Bd2 Qe7 5. g3 O-O 6. Bg2 Nc6 7. O-O Bxd2 8.
Qxd2 d6 9. d5 Nb8 10. dxe6 fxe6 11. Nc3 Nc6 12. Rac1 Rb8 13. e3 Bd7 14. Nd4 Ne5
15. b3 a6 16. f4 Nf7 17. e4 b5 18. Qe2 b4 19. Nd1 c5 20. Nf3 Bc6 21. Nf2 Qb7 22.
Rfe1 Rbe8 23. Rcd1 h6 24. Nh4 Rd8 25. e5 dxe5 26. Bxc6 Qxc6 27. Ng6 Rfe8 28.
Rxd8 Nxd8 29. Nxe5 Qc7 30. Nfd3 Nb7 31. g4 Nd6 32. Qf3 Rd8 33. Qc6 Qxc6 34. Nxc6
Rd7 35. Nb8 Rd8 36. Nxa6 Nxc4 37. Naxc5 Nd2 38. Rxe6 Nxg4 39. Kg2 Rd4 40. Re2
Nb1 41. Re8+ Kf7 42. Rb8 Ne3+ 43. Kf3 Nc2 44. Ne5+ Kf6 45. Rb7 Nd2+ 46. Ke2 Rxf4
47. Kxd2 Rf2+ 48. Kc1 Rg2 49. Ncd3 Ne3 50. Rf7+ Ke6 51. Nf4+ 1-0

[Event "96th ch-GER Candidates"]
[Site "Munich GER"]
[Date "2025.05.21"]
[Round "7.7"]
[White "Garner, Isaac"]
[Black "Miller, Eduard"]
[Result "1/2-1/2"]
[BlackTitle "FM"]
[WhiteElo "2399"]
[BlackElo "2338"]
[WhiteFideId "16239261"]
[BlackFideId "24687022"]
[EventDate "2025.05.17"]

1. d4 Nf6 2. c4 g6 3. Nc3 Bg7 4. e4 d6 5. Nf3 O-O 6. Be2 e5 7. d5 a5 8. h3 Na6
9. Bg5 Qe8 10. g4 Nd7 11. Rg1 Ndc5 12. h4 Kh8 13. Be3 f5 14. gxf5 gxf5 15. Ng5
Rf6 16. exf5 Bxf5 17. Bg4 Nd3+ 18. Ke2 Nac5 19. Bxf5 Rxf5 20. Kf1 Bh6 21. Qe2
Qe7 22. Rd1 Nf4 23. Qg4 Raf8 24. Bxc5 dxc5 25. Nce4 Ng6 26. Nxh7 Qxh7 27. Qxg6
Be3 28. Qxh7+ Kxh7 29. Rg2 Rf4 30. Ng5+ Kh6 31. Ke2 Bd4 32. Rf1 Rxh4 33. b3 b6
34. f3 Rg8 35. Nf7+ Kh7 36. Ng5+ Kh6 37. Nf7+ Kh7 38. Ng5+ 1/2-1/2

[Event "96th ch-GER Candidates"]
[Site "Munich GER"]
[Date "2025.05.21"]
[Round "7.8"]
[White "Zuferi, Enis"]
[Black "Koepke, Christian"]
[Result "0-1"]
[WhiteTitle "FM"]
[BlackTitle "IM"]
[WhiteElo "2351"]
[BlackElo "2328"]
[WhiteFideId "24692530"]
[BlackFideId "4655737"]
[EventDate "2025.05.17"]

1. d4 d5 2. c4 e6 3. Nc3 a6 4. cxd5 exd5 5. a3 c6 6. Qc2 Bd6 7. e4 dxe4 8. Nxe4
Nf6 9. Nxd6+ Qxd6 10. Bd3 O-O 11. Ne2 Bg4 12. O-O Bxe2 13. Bxe2 Nbd7 14. Qb3 Nd5
15. Bd2 Rfe8 16. Bf3 Nf8 17. Rad1 Ne6 18. Bc1 Re7 19. g3 Rd8 20. Bg2 h6 21. Qc2
Nf6 22. Qc4 Red7 23. Rfe1 Re7 24. h3 Nd5 25. Bd2 Qd7 26. Ba5 Rde8 27. Re5 Ng5
28. Kh2 Rxe5 29. dxe5 Rxe5 30. f4 Re4 31. Qf1 Ra4 32. fxg5 Rxa5 33. gxh6 Qe6 34.
hxg7 Ne3 35. Rd8+ Kxg7 36. Qd3 Re5 37. Bf3 Nf5 38. Qd2 Ne3 39. Qd3 Qf6 40. Rd6
Qxf3 0-1